Statistics for Falkland Islands country quiz

Click here to take the quiz!

General Stats

  • This quiz has been taken 35 times
    (28 since last reset)
  • The average score is 8 of 13

Answer Stats

Answer% Correct
The Falklands are an autonomous territory of…United Kingdom
96%
Country that claims the FalklandsArgentina
92%
Official languageEnglish
92%
Continent the Falkland Islands rest inSouth America
80%
Capital and most populous cityPort Stanley
76%
What country previously occupied the FalklandsFrance
68%
Biggest islandEast Falkland
56%
How many people died during the Falklands war
(rounded to the nearest hundred)
800
52%
Ethnic group for 70% of peopleBritish
52%
What industry powers the islandsFishing
52%
The Falklands hosts breeding grounds for millions of…Penguins
48%
Proper nationality of a person from the FalklandsFalklander/ Falkland Islander
44%
Nickname for someone born in the FalklandsKepler
0%

Score Distribution

Percentile by Number Answered

Percent of People with Each Score

Your Score History

You have not taken this quiz since the last reset